[Event "FINAL MISTRZOSTW POLSKI MLODZIKOW 2016 - CHLOPCY"]
[Site "Jastrzebia Gora"]
[Date "1899-12-30"]
[Round "7.21"]
[White "Herwy, Jakub"]
[Black "Choina, Jan"]
[Result "1-0"]
[WhiteTitle "II"]
[BlackTitle "II"]
[WhiteElo "1051"]
[BlackElo "1190"]

1. e4 c5 2. c4 g6 3. Nc3 Bg7 4. Nge2 Nc6 5. d3 Nf6 6. g3 O-O 7. Bg2 d6 8. O-O Bd7
9. h3 Qc8 10. Kh2 Ne5 11. f4 Nc6 12. g4 e5 13. f5 Nd4 14. Ng3 a6 15. Be3 b5 16.
b3 Qc7 17. g5 Nh5 18. Nxh5 gxh5 19. f6 Bh8 20. Bxd4 exd4 21. Nd5 Bxf6 22. Nxc7
Ra7 23. Nxb5 axb5 24. gxf6 bxc4 25. Qxh5 Kh8 26. bxc4 Rg8 27. e5 dxe5 28. Be4
1-0

[Event "FINAL MISTRZOSTW POLSKI MLODZIKOW 2016 - CHLOPCY"]
[Site "Jastrzebia Gora"]
[Date "1899-12-30"]
[Round "7.22"]
[White "Wnek, Filip"]
[Black "Krahel, Karol"]
[Result "1/2-1/2"]
[WhiteTitle "II"]
[BlackTitle "II"]
[WhiteElo "1188"]
[BlackElo "1170"]

1. e4 c6 2. d4 d5 3. e5 Bf5 4. g4 Bg6 5. h4 h6 6. h5 Bh7 7. e6 fxe6 8. Bd3 Be4
9. f3 Bxd3 10. Qxd3 Qd6 11. Nc3 Na6 12. Qg6+ Kd7 13. Be3 Rd8 14. O-O-O Kc8 15.
Nge2 Nf6 16. Kb1 Nc7 17. Na4 e5 18. Qf5+ e6 19. Qxe5 Qxe5 20. dxe5 Nd7 21. f4
a6 22. Nb6+ Nxb6 23. Bxb6 Re8 24. a3 Nb5 25. Be3 Be7 26. a4 Nc7 27. Bd4 Rhf8 28.
Rdf1 Kd7 29. f5 exf5 30. gxf5 Kc8 31. f6 gxf6 32. exf6 Bxf6 33. Bc5 Be7 34. Bxe7
Rxf1+ 35. Rxf1 Rxe7 36. Rf8+ Re8 37. Rxe8+ Nxe8 38. Kc1 Nf6 39. Ng3 Kd7 40. Nf5
Nxh5 41. Nxh6 1/2-1/2

[Event "FINAL MISTRZOSTW POLSKI MLODZIKOW 2016 - CHLOPCY"]
[Site "Jastrzebia Gora"]
[Date "1899-12-30"]
[Round "7.23"]
[White "Blazniak, Bartlomiej"]
[Black "Norek, Maciej"]
[Result "1/2-1/2"]
[WhiteTitle "II"]
[BlackTitle "II"]
[WhiteElo "1137"]
[BlackElo "1175"]

1. d4 d5 2. c4 c5 3. e3 Nc6 4. dxc5 e6 5. Nc3 Nf6 6. Nf3 Bxc5 7. Be2 O-O 8. O-O
Re8 9. Qc2 Bb6 10. Rd1 Qe7 11. a3 Rd8 12. b4 a6 13. Bb2 d4 14. Na4 Ba7 15. exd4
b6 16. c5 b5 17. Nc3 Bb7 18. a4 Nxb4 19. Qb3 Bxf3 20. Bxf3 Nbd5 21. axb5 axb5
22. Qxb5 Rab8 23. Nxd5 Nxd5 24. Qe2 Qc7 25. Bxd5 Rxd5 26. Qc2 Rbd8 27. Qa4 Bb8
28. Qb5 Qxh2+ 29. Kf1 Qc7 30. Ra8 Rxc5 31. Qxc5 Qxc5 32. dxc5 Rxd1+ 33. Ke2 Rd8
34. Be5 Bc7 35. Rxd8+ Bxd8 36. c6 Kf8 37. c7 Bxc7 38. Bxc7 Ke7 39. Ke3 f5 40.
Be5 g6 41. Kf4 h6 42. g4 Kf7 43. gxf5 exf5 1/2-1/2

[Event "FINAL MISTRZOSTW POLSKI MLODZIKOW 2016 - CHLOPCY"]
[Site "Jastrzebia Gora"]
[Date "1899-12-30"]
[Round "7.25"]
[White "Bochenek, Ryszard"]
[Black "Kozlowski, Michal"]
[Result "1-0"]
[WhiteTitle "II"]
[BlackTitle "II"]
[WhiteElo "1101"]
[BlackElo "1256"]

1. d4 d5 2. c4 e6 3. Nc3 Nf6 4. Nf3 Be7 5. Bf4 Nbd7 6. e3 c6 7. cxd5 exd5 8. Bd3
O-O 9. O-O Re8 10. Re1 Nf8 11. Bc2 Bg4 12. Be5 Bd6 13. Bxf6 Qxf6 14. Rc1 Bxf3
15. Qxf3 Qxf3 16. gxf3 Re6 17. e4 Bf4 18. exd5 Rh6 19. Rcd1 Bxh2+ 20. Kg2 Bc7
21. dxc6 Rxc6 22. Be4 Rb6 23. Nd5 Rxb2 24. Nxc7 Rc8 25. Nd5 Rcc2 1-0

[Event "FINAL MISTRZOSTW POLSKI MLODZIKOW 2016 - CHLOPCY"]
[Site "Jastrzebia Gora"]
[Date "1899-12-30"]
[Round "7.26"]
[White "Zmuda, Mateusz"]
[Black "Kubaszewski, Piotr"]
[Result "0-1"]
[WhiteTitle "II"]
[BlackTitle "III"]
[WhiteElo "1199"]
[BlackElo "1097"]

1. c4 c5 2. Nf3 Nf6 3. g3 g6 4. Bg2 Bg7 5. O-O O-O 6. d3 Nc6 7. Nc3 d6 8. Bg5 Qb6
9. Rb1 Bd7 10. a3 Rab8 11. Bd2 Qd8 12. b4 b6 13. Na2 a6 14. b5 axb5 15. cxb5 Na5
16. a4 Be6 17. Nc1 Bd7 18. Nb3 Nxb3 19. Qxb3 e5 20. Qc2 Qe7 21. Qc1 Be6 22. Bh6
Rbc8 23. Be3 Ng4 24. Bd2 e4 25. Bc3 Bxc3 26. Qxc3 exf3 27. Bxf3 Qf6 28. Qc2 Ne5
29. Qb2 Nxf3+ 30. exf3 Qxf3 0-1

[Event "FINAL MISTRZOSTW POLSKI MLODZIKOW 2016 - CHLOPCY"]
[Site "Jastrzebia Gora"]
[Date "1899-12-30"]
[Round "7.27"]
[White "Wiszniewski, Szymon"]
[Black "Fudal, Patryk"]
[Result "1/2-1/2"]
[WhiteTitle "II"]
[BlackTitle "III"]
[WhiteElo "1193"]
[BlackElo "1082"]

1. e4 c5 2. Nf3 d6 3. d4 cxd4 4. Nxd4 Nf6 5. Nc3 g6 6. Be3 Bg7 7. f3 O-O 8. Qd2
Nc6 9. O-O-O Be6 10. Nxe6 fxe6 11. Bc4 Qd7 12. g4 a6 13. h4 b5 14. Bb3 Na5 15.
h5 Nxb3+ 16. cxb3 Rfc8 17. Kb1 Kf7 18. hxg6+ hxg6 19. Bh6 Rh8 20. Bxg7 Kxg7 21.
Rxh8 Rxh8 22. e5 Ne8 23. exd6 Qxd6 24. Qxd6 Nxd6 25. Re1 Kf6 26. Ne4+ Nxe4 27.
Rxe4 e5 28. Kc2 Rc8+ 29. Kd3 g5 30. a4 bxa4 31. Rxa4 Rc6 32. Ke4 Rb6 33. Ra5 Rxb3
34. Rxa6+ e6 35. Ra2 Rb4+ 36. Kd3 Rf4 37. Ke3 Rb4 38. Kd3 Rb3+ 39. Ke4 Rb4+ 40.
Kd3 Rb3+ 41. Ke4 Rb4+ 42. Ke3 Rb3+ 43. Ke4 Rb4+ 1/2-1/2

[Event "FINAL MISTRZOSTW POLSKI MLODZIKOW 2016 - CHLOPCY"]
[Site "Jastrzebia Gora"]
[Date "1899-12-30"]
[Round "7.28"]
[White "Jaskiewicz, Kacper"]
[Black "Dembicki, Karol"]
[Result "1-0"]
[WhiteTitle "II"]
[BlackTitle "II"]
[WhiteElo "1100"]
[BlackElo "1146"]

1. e4 e5 2. Nf3 Nc6 3. Bb5 a6 4. Bxc6 dxc6 5. d3 Bg4 6. h3 Bh5 7. g4 Bg6 8. Nxe5
Bc5 9. Qf3 f6 10. Nxg6 hxg6 11. Nc3 Qd7 12. Be3 Bb4 13. Bd2 O-O-O 14. a3 Bc5 15.
Be3 Bxe3 16. Qxe3 f5 17. gxf5 gxf5 18. O-O-O Re8 19. Qf3 g6 20. exf5 gxf5 21.
Rde1 Nf6 22. Rxe8+ Rxe8 23. Rg1 Qh7 24. Rh1 Nh5 25. Ne2 Qh6+ 26. Kb1 Qd2 27. Qxf5+
Kb8 28. Nc1 Nf4 29. Rf1 Nd5 30. Qh5 Rd8 31. Qg4 Qa5 32. Nb3 Qb5 33. Qc4 Qb6 34.
Qc5 Rh8 35. Qxb6 cxb6 36. Rh1 Nf4 37. h4 Nh5 38. Nd4 Rf8 39. Rh2 Rf4 40. Ne2 Rf3
41. Kc1 Kc7 42. Kd2 Kd6 43. Nc3 Ke5 44. Ke2 Rf4 45. Ke3 Nf6 46. f3 Nh5 47. Rh3
Ng7 48. Ne2 Rxh4 49. Rxh4 Nf5+ 50. Kf2 Nxh4 51. b3 Nf5 52. f4+ Kf6 53. Kf3 Nd6
54. Nc3 Kf5 55. a4 b5 56. axb5 axb5 57. Ne2 c5 58. Ng3+ Kf6 59. Ne4+ Nxe4 60.
Kxe4 b6 61. f5 b4 62. Kf4 b5 63. Ke4 Ke7 64. Kd5 Kf6 65. Kxc5 Kxf5 66. Kxb5 Ke6
67. Kxb4 Kd6 68. c4 Kc6 69. d4 Kd6 70. Kb5 Kc7 71. c5 Kb7 72. d5 Kc7 73. b4 Kb7
74. d6 Kc8 75. Kb6 Kd8 76. c6 Kc8 77. b5 Kd8 78. d7 Ke7 79. Kc7 Kf7 80. d8=Q Ke6
81. Qd4 Kf5 82. Kd7 Kg6 83. Qf4 Kg7 84. Ke7 Kg8 85. Qg4+ Kh7 86. Kf7 Kh6 87. Qg6#
1-0

[Event "FINAL MISTRZOSTW POLSKI MLODZIKOW 2016 - CHLOPCY"]
[Site "Jastrzebia Gora"]
[Date "1899-12-30"]
[Round "7.29"]
[White "Kycia, Marek"]
[Black "Doskocz, Karol"]
[Result "1-0"]
[WhiteTitle "II"]
[BlackTitle "II"]
[WhiteElo "1138"]
[BlackElo "1074"]

1. e4 c5 2. Nc3 e6 3. f4 d5 4. d3 Nc6 5. Nf3 a6 6. a4 d4 7. Ne2 Bd6 8. Ng3 Nge7
9. Be2 O-O 10. O-O Ng6 11. Ng5 h6 12. Nh3 b6 13. Qe1 Bb7 14. f5 exf5 15. exf5
Nge5 16. Ne4 Re8 17. f6 g6 18. Bxh6 Nb4 19. Nxd6 Qxd6 20. Qh4 Qc6 21. Rf2 g5 22.
Bxg5 Ng6 23. Qh6 Nxc2 24. Qg7# 1-0

[Event "FINAL MISTRZOSTW POLSKI MLODZIKOW 2016 - CHLOPCY"]
[Site "Jastrzebia Gora"]
[Date "1899-12-30"]
[Round "7.31"]
[White "Wawrzyniak, Karol"]
[Black "Grzadka, Artur"]
[Result "1-0"]
[WhiteTitle "II"]
[BlackTitle "II"]
[WhiteElo "1130"]
[BlackElo "1172"]

1. e4 c6 2. d4 d5 3. Nc3 e6 4. e5 f6 5. f4 Nd7 6. Nf3 Bb4 7. Bd2 c5 8. Nb5 Bxd2+
9. Qxd2 fxe5 10. fxe5 h6 11. O-O-O a6 12. Nd6+ Ke7 13. Nh4 Nf8 14. Qf2 Nf6 15.
exf6+ gxf6 16. Nxc8+ Qxc8 17. dxc5 Qc6 18. Bd3 Qa4 19. Kb1 Qb4 20. Rhe1 a5 21.
Nf5+ Kd7 22. Nd6 a4 23. c3 Qa5 24. Qd4 a3 25. b3 e5 26. Qb4 Qd8 27. Qxb7+ Ke6
28. Bf5# 1-0

[Event "FINAL MISTRZOSTW POLSKI MLODZIKOW 2016 - CHLOPCY"]
[Site "Jastrzebia Gora"]
[Date "1899-12-30"]
[Round "7.32"]
[White "Lesien, Tymoteusz"]
[Black "Grodzicki, Piotr"]
[Result "0-1"]
[WhiteTitle "II"]
[BlackTitle "II"]
[WhiteElo "1213"]
[BlackElo "1129"]

1. d4 c6 2. e4 d5 3. e5 Bf5 4. Bd3 Bxd3 5. Qxd3 e6 6. Nc3 Bb4 7. Bd2 Ne7 8. Nf3
Nd7 9. O-O O-O 10. a3 Ba5 11. b4 Bb6 12. Ng5 Ng6 13. h4 h6 14. h5 hxg5 15. hxg6
fxg6 16. Qxg6 Qe8 17. Qxg5 Bxd4 18. Rae1 Rf5 19. Qg4 Bxe5 20. b5 Qh5 21. Qxh5
Rxh5 22. g3 Kf7 23. bxc6 bxc6 24. Rb1 Nc5 25. Be3 Bd6 26. Bxc5 Bxc5 27. Rb7+ Kf6
28. Rc7 Rhh8 29. Rxc6 Bxa3 30. Nxd5+ Kf5 31. Ne3+ Ke5 32. f4+ Kf6 33. Rc3 Bb4
34. Rc6 Rhd8 35. c4 Rd6 36. Nd5+ exd5 37. Rc7 Ba5 38. Rc5 Bb6 39. Kg2 Bxc5 40.
cxd5 Rxd5 0-1

[Event "FINAL MISTRZOSTW POLSKI MLODZIKOW 2016 - CHLOPCY"]
[Site "Jastrzebia Gora"]
[Date "1899-12-30"]
[Round "7.33"]
[White "Homza, Dominik"]
[Black "Olchowy, Tomasz"]
[Result "1/2-1/2"]
[WhiteTitle "II"]
[BlackTitle "III"]
[WhiteElo "1019"]
[BlackElo "1104"]

1. e4 e6 2. d4 d5 3. Nc3 Bb4 4. e5 Ne7 5. Qg4 g6 6. f4 c5 7. a3 Bxc3+ 8. bxc3 c4
9. Be3 Nf5 10. Qf3 Qa5 11. Bd2 Qa4 12. Qd1 Nd7 13. g3 f6 14. Bh3 Ng7 15. Nf3 f5
16. Qc1 Rb8 17. Ng5 h6 18. Nf3 a5 19. Nh4 Kf7 20. Kf2 Qc6 21. Nf3 b5 22. Bg2 Rb6
23. Re1 Nb8 24. Rb1 Rf8 25. Kg1 Na6 26. Rf1 Qd7 27. Rf2 Qe7 28. Kh1 b4 29. axb4
axb4 30. cxb4 Nxb4 31. Bxb4 Rxb4 32. Rxb4 Qxb4 33. c3 Qa5 34. Rb2 Kg8 35. Nh4
Kh7 36. Nf3 Qa3 37. Rb1 Qxc1+ 38. Rxc1 Nh5 39. Ra1 Bd7 40. Rb1 Kh8 41. Nh4 Be8
42. Rb8 Kg7 43. Rb7+ Rf7 44. Rxf7+ Bxf7 45. Nf3 Kf8 46. Nd2 Ke7 47. Bf3 Ng7 48.
Nb1 g5 49. Nd2 g4 50. Bg2 Ne8 51. Nb1 Nc7 52. Kg1 1/2-1/2

[Event "FINAL MISTRZOSTW POLSKI MLODZIKOW 2016 - CHLOPCY"]
[Site "Jastrzebia Gora"]
[Date "1899-12-30"]
[Round "8.1"]
[White "Meers, Hubert"]
[Black "Fiszer, Bartosz"]
[Result "0-1"]
[WhiteTitle "II+"]
[BlackTitle "CM"]
[WhiteElo "1607"]
[BlackElo "1557"]

1. e4 e6 2. Nf3 d5 3. Nc3 d4 4. Ne2 c5 5. c3 Nc6 6. Ng3 Nf6 7. Be2 Bd6 8. d3 O-O
9. O-O Bxg3 10. hxg3 e5 11. Nd2 b5 12. f4 a6 13. Qe1 Bg4 14. c4 Nb4 15. Qf2 Nc2
16. Rb1 Ne3 17. Re1 bxc4 18. dxc4 Bxe2 19. Qxe2 Nfg4 20. Qd3 exf4 21. Nf3 fxg3
22. Bxe3 dxe3 23. Qe2 Qe7 24. e5 Rad8 25. b3 Qe6 26. Rbd1 Qh6 27. Rxd8 Rxd8 28.
Rd1 Rxd1+ 29. Qxd1 Qh2+ 30. Kf1 Qh1+ 31. Ng1 e2+ 32. Kxe2 Qxg2+ 0-1

[Event "FINAL MISTRZOSTW POLSKI MLODZIKOW 2016 - CHLOPCY"]
[Site "Jastrzebia Gora"]
[Date "1899-12-30"]
[Round "8.2"]
[White "Bancarewicz, Aleks"]
[Black "Kejna, Piotr"]
[Result "1-0"]
[WhiteTitle "II"]
[BlackTitle "II"]
[WhiteElo "1254"]
[BlackElo "1410"]

1. c4 e5 2. Nc3 Nf6 3. g3 d5 4. cxd5 Nxd5 5. Bg2 Nb6 6. d3 Bc5 7. Nf3 Nc6 8. Ne4
Be7 9. Bd2 O-O 10. O-O h6 11. Bc3 f5 12. Ned2 Bf6 13. Qc2 Be6 14. Nb3 Qe7 15.
Na5 Nxa5 16. Bxa5 c6 17. a3 Qf7 18. Bc3 Nd7 19. b4 Rac8 20. Qb2 Bd5 21. Rfe1 Bxf3
22. Bxf3 e4 23. Bxf6 exf3 24. Bd4 fxe2 25. Rxe2 Nb6 26. Rae1 Nd5 27. b5 cxb5 28.
Qxb5 b6 29. Re5 Rfd8 30. Qb2 Rd7 31. Qe2 Rcd8 32. Bb2 Rd6 33. Qf3 f4 34. d4 Rf6
35. Qe2 f3 36. Qe4 Rfd6 37. h4 Rf8 38. Qg4 1-0

[Event "FINAL MISTRZOSTW POLSKI MLODZIKOW 2016 - CHLOPCY"]
[Site "Jastrzebia Gora"]
[Date "1899-12-30"]
[Round "8.3"]
[White "Lyszczarz, Konrad"]
[Black "Madajczak, Piotr"]
[Result "1/2-1/2"]
[WhiteTitle "II+"]
[BlackTitle "II"]
[WhiteElo "1515"]
[BlackElo "1377"]

1. e4 c5 2. Nf3 Nc6 3. d4 cxd4 4. Nxd4 Nf6 5. f3 g6 6. c4 Bg7 7. Be3 d6 8. Nc3
O-O 9. Be2 Nd7 10. O-O Nxd4 11. Bxd4 Bxd4+ 12. Qxd4 Qb6 13. Qxb6 Nxb6 14. Rad1
Be6 15. b3 f6 16. Bd3 Rfc8 17. Nb5 a6 18. Nd4 Bf7 19. Kf2 Kg7 20. g3 Rc7 21. Kg2
Rcc8 22. Rf2 Nd7 23. f4 Rc5 24. Rdf1 Rac8 25. h3 Rb8 26. a4 h6 27. g4 Rh8 28.
Kg3 Kf8 29. h4 Kg7 30. Rh2 Kg8 31. Bc2 Kg7 32. h5 gxh5 33. Nf5+ Kf8 34. gxh5 Be6
35. Nh4 Bf7 36. Ng6+ Bxg6 37. hxg6 Kg7 38. Re1 Nf8 39. e5 dxe5 40. fxe5 Rxe5 41.
Rxe5 fxe5 42. Rg2 Rg8 43. Kf3 Kf6 44. Rh2 Kg5 45. Rg2+ Kf6 46. Rh2 Kg5 1/2-1/2

[Event "FINAL MISTRZOSTW POLSKI MLODZIKOW 2016 - CHLOPCY"]
[Site "Jastrzebia Gora"]
[Date "1899-12-30"]
[Round "8.4"]
[White "Dziewonski, Dariusz"]
[Black "Chyzy, Jakub"]
[Result "0-1"]
[WhiteTitle "II"]
[BlackTitle "I"]
[WhiteElo "1414"]
[BlackElo "1803"]

1. d4 d5 2. Nf3 Nf6 3. e3 e6 4. Bd3 c5 5. b3 Nc6 6. Bb2 Be7 7. Nbd2 O-O 8. O-O
a6 9. Ne5 Nxe5 10. dxe5 Nd7 11. f4 f5 12. Rf3 g6 13. Rg3 Kf7 14. Nf3 Rh8 15. Ng5+
Bxg5 16. Rxg5 h6 17. Rg3 b6 18. Rh3 Bb7 19. c4 Nb8 20. Be2 Ra7 21. Rc1 Bc6 22.
Bf3 Rd7 23. Qe2 dxc4 24. Qxc4 Bb5 25. Qc2 Rd2 26. Qb1 Qd3 27. a4 Qxb1 28. Rxb1
Bd3 29. Rd1 Rxd1+ 30. Bxd1 Be4 31. Be2 Rd8 32. Bc3 h5 33. b4 Rc8 34. a5 cxb4 35.
Bxb4 bxa5 36. Bxa5 Nc6 37. Be1 Ra8 38. Bf3 a5 39. Bxe4 fxe4 40. g4 a4 41. gxh5
a3 42. Bc3 a2 43. Ba1 Rb8 44. Kf2 Rb1 45. Bc3 Rc1 46. hxg6+ Kxg6 47. Rg3+ Kf7
48. Rg1 Rxc3 49. h4 Rb3 50. Rd1 Rb1 51. Rd7+ Ke8 52. Rd6 a1=Q 53. Rxe6+ Kd7 54.
Rd6+ Kc7 55. h5 Rg1 56. Rd7+ Kxd7 57. e6+ Kxe6 58. f5+ Kxf5 59. h6 Qf1# 0-1

[Event "FINAL MISTRZOSTW POLSKI MLODZIKOW 2016 - CHLOPCY"]
[Site "Jastrzebia Gora"]
[Date "1899-12-30"]
[Round "8.5"]
[White "Demski, Michal"]
[Black "Wojdak, Jan"]
[Result "0-1"]
[WhiteTitle "II"]
[BlackTitle "II"]
[WhiteElo "1278"]
[BlackElo "1577"]

1. e4 c5 2. Nc3 Nc6 3. Bb5 d6 4. Bxc6+ bxc6 5. f4 e6 6. d3 Ne7 7. Nf3 g6 8. O-O
Bg7 9. Qe1 O-O 10. Qh4 d5 11. Ng5 h6 12. Nf3 Bd7 13. f5 Nc8 14. Qxd8 Rxd8 15.
Nh4 exf5 16. exf5 g5 17. Nf3 Nd6 18. g4 c4 19. d4 Re8 20. h4 f6 21. Kh2 Ne4 22.
Nxe4 Rxe4 23. Kg3 Bf8 24. Bd2 Bd6+ 25. Kh3 h5 26. gxh5 g4+ 27. Kg2 gxf3+ 28. Kxf3
Bxf5 29. Rg1+ Kf7 30. h6 Rxh4 31. Rg7+ Ke6 32. c3 Be4+ 33. Ke2 Rh2+ 34. Kd1 Rh1+
35. Be1 Rxh6 36. Kd2 Rh2+ 37. Kd1 Bf3+ 38. Kc1 Bf4+ 0-1

[Event "FINAL MISTRZOSTW POLSKI MLODZIKOW 2016 - CHLOPCY"]
[Site "Jastrzebia Gora"]
[Date "1899-12-30"]
[Round "8.6"]
[White "Bogusz, Alan"]
[Black "Madej, Marek"]
[Result "1/2-1/2"]
[WhiteTitle "II"]
[BlackTitle "II"]
[WhiteElo "1572"]
[BlackElo "1240"]

1. e4 e5 2. Nf3 Nc6 3. Bb5 a6 4. Ba4 Nf6 5. d3 b5 6. Bb3 Bc5 7. O-O d6 8. c3 h6
9. h3 O-O 10. Nbd2 Bb6 11. Re1 Be6 12. Nf1 Qd7 13. Be3 Rad8 14. Ng3 Rfe8 15. Nh4
Ne7 16. Qf3 Bxe3 17. Qxe3 d5 18. Nf3 Ng6 19. Kh2 Qd6 20. Rad1 c5 21. exd5 Bxd5
22. Ne4 Bxe4 23. dxe4 Qe7 24. g3 c4 25. Bc2 Rxd1 26. Rxd1 Rd8 27. Rxd8+ Qxd8 28.
b3 cxb3 29. Bxb3 Qc7 30. Ne1 Qc6 31. f3 Nd7 32. Bd5 Qc5 33. Qd2 Nb6 34. Bb3 Ne7
35. Qd8+ Kh7 36. Bxf7 Qxc3 37. Qxe7 Qxe1 38. h4 Qf2+ 39. Kh3 Qxf3 40. Qf8 Qh1+
41. Kg4 Qxe4+ 42. Kh3 Qa8 43. Qxa8 Nxa8 44. h5 Nb6 45. Kg4 Nd7 46. Kf5 Nf8 47.
Kxe5 g6 48. hxg6+ Nxg6+ 49. Kf6 Nf8 50. Be8 b4 51. g4 a5 52. g5 hxg5 53. Kxg5
Ne6+ 54. Kf6 Nc5 55. Ke5 a4 56. Bxa4 Nxa4 57. Kd4 Nc3 58. Kc4 Nxa2 59. Kb3 Kg6
60. Kxa2 Kf5 61. Kb3 1/2-1/2

[Event "FINAL MISTRZOSTW POLSKI MLODZIKOW 2016 - CHLOPCY"]
[Site "Jastrzebia Gora"]
[Date "1899-12-30"]
[Round "8.7"]
[White "Wierzbicki, Dawid"]
[Black "Matela, Krzysztof"]
[Result "0-1"]
[WhiteTitle "II"]
[BlackTitle "II"]
[WhiteElo "1269"]
[BlackElo "1328"]

1. e4 d5 2. Nf3 g6 3. exd5 Nf6 4. Bb5+ Bd7 5. Bxd7+ Nbxd7 6. Nc3 Nb6 7. O-O Nfxd5
8. Nxd5 Qxd5 9. d4 Bg7 10. Be3 O-O 11. Qd2 a5 12. b3 c5 13. Rad1 c4 14. Bh6 a4
15. Bxg7 Kxg7 16. Qb4 Qd6 17. Qxd6 exd6 18. Nd2 d5 19. bxc4 Nxc4 20. Nxc4 dxc4
21. Rb1 Rfd8 22. c3 Rd7 23. Rb4 Rc7 24. Rfb1 Ra7 25. f4 Kf6 26. g4 h6 27. Kf2
g5 28. f5 Kg7 29. Rb6 Kh7 30. Kf3 Re7 31. f6 Rc7 32. Ke4 h5 33. h3 Kg6 34. Kd5
h4 35. R1b4 Ra5+ 36. Kd6 Rc6+ 37. Rxc6 bxc6 38. Kxc6 Kxf6 39. d5 Ke5 40. Rxc4
Rxd5 41. Rxa4 Rd3 42. Ra5+ Kf4 0-1

[Event "FINAL MISTRZOSTW POLSKI MLODZIKOW 2016 - CHLOPCY"]
[Site "Jastrzebia Gora"]
[Date "1899-12-30"]
[Round "8.9"]
[White "Czernecki, Andrzej"]
[Black "Wieczorek, Mikolaj"]
[Result "0-1"]
[WhiteTitle "II"]
[BlackTitle "II"]
[WhiteElo "1469"]
[BlackElo "1217"]

1. e4 e5 2. Nf3 Nc6 3. Bc4 Nf6 4. Ng5 d5 5. exd5 Nd4 6. d6 Qxd6 7. Bxf7+ Ke7 8.
Bc4 Qc6 9. c3 Qxg2 10. Rf1 Qxg5 11. cxd4 exd4 12. Qe2+ Kd8 13. Qd3 Bc5 14. b3
Re8+ 15. Kd1 Bf5 16. Qg3 Qxg3 17. hxg3 c6 18. a4 Bg4+ 19. Kc2 Kc7 20. Bb2 Bf5+
21. Kd1 Rad8 22. Na3 Bg4+ 23. Kc2 Nd5 24. Rh1 Nb4+ 25. Kc1 Re7 26. Nc2 Nxc2 27.
Kxc2 Bf5+ 28. d3 Re2+ 29. Kb1 Rxf2 30. Rh5 Be7 31. Ka2 Bb4 32. g4 Bg6 33. Re5
Bc3 34. Rb1 Re8 35. Rxe8 Bxe8 36. Ka3 Bxb2+ 37. Rxb2 Rxb2 38. Kxb2 h6 39. Kc2
g5 40. Be6 Bd7 41. Bxd7 Kxd7 42. Kd2 Ke6 43. Ke2 Ke5 44. Kf3 a5 45. Kg3 b5 46.
Kf3 bxa4 47. bxa4 c5 48. Kg3 Kd5 49. Kf3 c4 50. dxc4+ Kxc4 51. Ke2 Kc3 52. Kd1
Kd3 53. Ke1 Kc2 54. Ke2 d3+ 55. Kf2 d2 56. Kg3 d1=Q 57. Kh3 Qf3+ 58. Kh2 Qxg4
59. Kh1 Kd2 60. Kh2 Ke2 61. Kh1 Kf2 62. Kh2 Qh4# 0-1

[Event "FINAL MISTRZOSTW POLSKI MLODZIKOW 2016 - CHLOPCY"]
[Site "Jastrzebia Gora"]
[Date "1899-12-30"]
[Round "8.10"]
[White "Fronczyk, Wiktor"]
[Black "Krupinski, Mikolaj"]
[Result "0-1"]
[WhiteTitle "II"]
[BlackTitle "II"]
[WhiteElo "1251"]
[BlackElo "1372"]

1. e4 c5 2. Nf3 Nc6 3. d4 cxd4 4. Nxd4 Nf6 5. Nc3 d6 6. f3 Qb6 7. Nb3 e6 8. a3
Bd7 9. Bc4 Be7 10. Qe2 a6 11. Be3 Qc7 12. a4 Ne5 13. Bd3 Nxd3+ 14. cxd3 O-O 15.
g4 b5 16. Rc1 Qb7 17. a5 Rac8 18. h4 b4 19. Na2 Ba4 20. Nd2 Rxc1+ 21. Nxc1 Rc8
22. Ndb3 d5 23. h5 dxe4 24. fxe4 Bb5 25. Qg2 Bc6 26. Qg3 Rd8 27. g5 Nxe4 28. dxe4
Bxe4 29. Rg1 Bf3 30. Kf2 Bxh5 31. Qh3 Bg6 32. Ne2 Qd5 33. Nec1 Qc4 34. Qf3 Qc2+
35. Qe2 Qc8 36. Rd1 Bd6 37. Bc5 Bxc5+ 38. Nxc5 Qxc5+ 39. Kg3 Rxd1 40. Qxd1 Qxg5+
41. Kf2 h5 42. Na2 Qc5+ 43. Kg3 Qe5+ 44. Kh3 Bf5+ 45. Kg2 Qxb2+ 46. Kg3 h4+ 47.
Kf4 Qh2+ 48. Ke3 Qg3+ 49. Kd2 Qd3+ 50. Ke1 Qxd1+ 51. Kxd1 b3 52. Nc3 b2 53. Ke2
b1=Q 54. Nxb1 Bxb1 55. Kf2 Kf8 56. Kg2 Bf5 57. Kh2 Ke7 58. Kg2 Kd6 59. Kh2 Kc5
60. Kg2 Kb5 61. Kh2 Kxa5 62. Kg2 Kb4 63. Kh2 a5 64. Kg2 a4 65. Kf2 h3 66. Kg1
a3 67. Kf1 a2 68. Kg1 a1=Q+ 69. Kh2 Qe5+ 70. Kg1 Qe1+ 71. Kh2 Qf2+ 72. Kh1 Qg2#
0-1

[Event "FINAL MISTRZOSTW POLSKI MLODZIKOW 2016 - CHLOPCY"]
[Site "Jastrzebia Gora"]
[Date "1899-12-30"]
[Round "8.11"]
[White "Iwaszkiewicz, Grzegorz"]
[Black "Pazdzierz, Piotr"]
[Result "0-1"]
[WhiteTitle "II"]
[BlackTitle "II"]
[WhiteElo "1206"]
[BlackElo "1319"]

1. d4 Nf6 2. Nf3 g6 3. Bf4 Bg7 4. e3 d6 5. c3 Nbd7 6. Nbd2 O-O 7. Bd3 Re8 8. Bg3
b6 9. O-O Bb7 10. a4 a6 11. b4 e5 12. dxe5 Nxe5 13. Nxe5 dxe5 14. Bc4 Qe7 15.
Qe2 Nh5 16. Rfb1 Qd7 17. Bh4 Qc6 18. e4 Nf4 19. Qf1 Qd7 20. Rd1 Qg4 21. Bg3 Bh6
22. f3 Qc8 23. Bf2 Ne6 24. Nb3 Ng7 25. Be2 Rd8 26. Rdc1 Bxc1 27. Qxc1 Rd6 28.
Bg3 Qe6 29. Nd2 Rc6 30. b5 axb5 31. Bxb5 Rd6 32. Nc4 Rdd8 33. Nxe5 Qe7 34. Bc4
Ne6 35. Qb2 Ra5 36. Qb3 Rf8 37. Bd5 Bxd5 38. exd5 Qc5+ 39. Bf2 Qxd5 40. Nc4 Raa8
41. Qb4 Rfd8 42. h3 Re8 43. Qb3 Rad8 44. Kh2 Rd7 45. Bg3 Ra8 46. Qb4 Nc5 47. Kh1
Nd3 48. Qb3 b5 49. Nd2 Qxb3 50. Nxb3 bxa4 51. Nd4 Nc5 52. Nb5 Ne6 53. c4 c6 54.
Nc3 Rda7 55. Bf2 Ra6 56. g3 Kf8 57. Kg1 a3 58. Ra2 Rb8 59. Ra1 Rb2 60. h4 Rb3
0-1

[Event "FINAL MISTRZOSTW POLSKI MLODZIKOW 2016 - CHLOPCY"]
[Site "Jastrzebia Gora"]
[Date "1899-12-30"]
[Round "8.12"]
[White "Goral, Jan"]
[Black "Rzenca, Jerzy"]
[Result "1-0"]
[WhiteTitle "II"]
[BlackTitle "II"]
[WhiteElo "1273"]
[BlackElo "1196"]

1. c4 e5 2. Nc3 Nc6 3. g3 f5 4. Bg2 Nf6 5. Nf3 Bc5 6. O-O d6 7. d3 O-O 8. a3 Kh8
9. b4 Bb6 10. Bb2 Be6 11. Ng5 Bd7 12. Nf3 Rb8 13. Rc1 Ne7 14. Na4 c6 15. c5 Bc7
16. cxd6 Bxd6 17. Nxe5 Qc7 18. Nxd7 Qxd7 19. Nc5 Qc8 20. Qb3 Re8 21. Bxf6 gxf6
22. Ne6 Ng6 23. Nd4 Re7 24. b5 f4 25. bxc6 bxc6 26. Rxc6 Qd8 27. Qa2 fxg3 28.
hxg3 Bxg3 29. Nf5 Reb7 30. fxg3 Rb2 31. Qf7 Qf8 32. Rxf6 Qc5+ 33. Kh1 Qf8 34.
Qxf8+ Rxf8 35. Rxf8+ Nxf8 36. Nd4 Ng6 37. Rf7 Rb1+ 38. Kh2 a6 39. Ra7 Rb6 40.
Bb7 Rd6 41. Nf3 1-0

[Event "FINAL MISTRZOSTW POLSKI MLODZIKOW 2016 - CHLOPCY"]
[Site "Jastrzebia Gora"]
[Date "1899-12-30"]
[Round "8.13"]
[White "Nowicki, Filip"]
[Black "Jedraszek, Pawel"]
[Result "1/2-1/2"]
[WhiteTitle "III"]
[BlackTitle "II"]
[WhiteElo "1092"]
[BlackElo "1261"]

1. e4 c5 2. Nf3 a6 3. c3 d5 4. exd5 Qxd5 5. d4 Nf6 6. Be3 cxd4 7. Qxd4 Qxd4 8.
Nxd4 e6 9. Bc4 Be7 10. a4 b6 11. O-O Bb7 12. f4 Nbd7 13. Nd2 O-O-O 14. b4 Ng4
15. Rae1 Nxe3 16. Rxe3 Nf6 17. f5 Nd5 18. Bxd5 Bxd5 19. fxe6 Bg5 20. Re2 Bxd2
21. Rxd2 fxe6 22. Re1 Bc4 23. Rf2 Rhe8 24. Re5 Rd5 25. Re3 e5 26. Re1 Red8 27.
Nc6 Rd1 28. Ref1 Rxf1+ 29. Rxf1 Bxf1 30. Nxd8 Bc4 31. Nc6 e4 32. Kf2 Kc7 33. Ne5
Bd5 34. Ke3 h6 35. c4 Ba8 36. g3 Kd6 37. Ng4 Bc6 38. b5 axb5 39. axb5 Bb7 40.
Kd4 Ba8 41. Ne3 1/2-1/2

[Event "FINAL MISTRZOSTW POLSKI MLODZIKOW 2016 - CHLOPCY"]
[Site "Jastrzebia Gora"]
[Date "1899-12-30"]
[Round "8.14"]
[White "Nowak, Filip"]
[Black "Karwacki, Piotr"]
[Result "0-1"]
[WhiteTitle "II"]
[BlackTitle "II"]
[WhiteElo "1257"]
[BlackElo "1164"]

1. e4 c5 2. Nf3 d6 3. d4 cxd4 4. Nxd4 Nf6 5. Nc3 a6 6. f3 e5 7. Nb3 Be7 8. Be3
Be6 9. Qd2 O-O 10. O-O-O a5 11. Kb1 a4 12. Nc1 a3 13. b3 Ra5 14. g4 d5 15. g5
Nxe4 16. fxe4 d4 17. Bxd4 exd4 18. Qxd4 Qxd4 19. Rxd4 Nc6 20. Rd2 Bxg5 21. Rg2
Bf6 22. Na4 Rd8 23. Bd3 Bd4 24. Ne2 Be5 25. Rhg1 Nb4 26. Nc1 Bd4 27. Rf1 Bh3 28.
Rg3 Bxf1 29. Bxf1 b5 30. Nc3 Be5 31. Rh3 Rc8 32. N1e2 Nxc2 33. Kxc2 b4 34. Bg2
Rac5 35. Kd1 bxc3 0-1